000 00603nam a2200229Ia 4500
003 OSt
005 20220926044714.0
006 a|||||r|||| 00| 0
007 ta
008 220923b |||||||| |||| 00| 0 eng d
037 _cGeneral Book
040 _aRTL
_cRTL
_beng
041 _2eng
_aeng
082 _aX655.51.N6, K4
110 _aNational Bank of Greece (Athens)
_9349349
245 0 _aInvesting in Greece
250 _aRev Ed 2
260 _c1964
700 _aNational Bank of Greece (Athens)
_9349350
942 _hX655.51.N6, K4
_cGB
_2CC
999 _c675576
_d675576